LEADER 02003nam a2200385 u 4500 001 000000022124 003 CaOOAMICUS 005 20080206091812.0 008 950425s1945 it u000 u ita u 035 $a10551216 040 $aPUL(R)$bita 041 1 $aita$hfre 100 1 $aPrat, Fernand,$cS.I.,$d1855-1938.$0(OLS)http://pul/name/18818 240 10$aJésus Christ.$lItaliano.$0(OLS)http://pul/title/30874 245 10$aGesù Cristo :$bla sua vita, la sua dottrina, l'opera sua /$cFerdinando Prat ; traduzione e prefazione di don Tebaldo Pellizzari. 260 $aFirenze :$bLibreria editrice fiorentina,$c1945. 300 $a2 v. ;$c26 cm 490 1 $aBiblioteca di cultura religiosa ;$v4, 5 490 1 $aBiblioteca di cultura religiosa (Libreria editrice fiorentina) ;$v4, 5 600 04$aIesus Christus$xBiografia.$0(OLS)http://pul/subject/7583 650 4$aCristologia.$0(OLS)http://pul/subject/1402 700 1 $aPellizzari, Tebaldo.$0(OLS)http://pul/name/5299 830 0$aBiblioteca di cultura religiosa (Libreria editrice fiorentina) ;$v4, 5.$0(OLS)http://pul/title/30876 850 $aPUL 852 $aPUL$W1$xDP1 Fondo Giannini$y60$m1559 F 1-2$j31081$nBK-PRI$b $qFondi$B31081$CPULBib$Z2$F31081 $H $81 852 $aPUL$W1$xDP1 Fondo Giannini$y60$m1559 F 1-2$j31081$nBK-PRI$b $qFondi$B31082$CPULBib$Z2$F31082 $H $81 852 $aPUL$W1$xDP1 Fondo Cecchetti$y53$m266 E 19$j125216$av.1$qStampati$B123946$CPULBib$Z2$F123946 $82 852 $aPUL$W1$xDP1 Fondo Cecchetti$y53$m266 E 20$j125217$av.2$qStampati$B123947$CPULBib$Z2$F123947 $82 941 1 $a1 960 $aIesus Christus$91402 960 $aIesus Christus$91402 961 $aINV: F. Giannini 961 $aINV: F. Giannini 996 $6245$aGesù Cristo :$bla sua vita, la sua dottrina, l'opera sua$9(OLS)http://pul/title/30875 996 $6260$aFirenze :$bLibreria editrice fiorentina$9(OLS)http://pul/publisher/48392 LEADER 01340nam a2200313 u 4500 001 000000076517 003 CaOOAMICUS 005 20070226123223.0 008 031203s1983 it u000 u eng u 035 $a10978325 040 $aPUL(R)$bita 041 0 $aeng$aita$afre 245 00$aOrientalia Romana :$bessays and lectures.$n5,$pIranian studies /$cedited by Gherardo Gnoli. 246 3 $aIranian studies 260 $aRoma :$bIstituto Italiano per il Medio ed Estremo Oriente,$c1983. 300 $a143 p., [12] p. di tav. :$bill. ;$c25 cm 490 1 $aSerie orientale Roma ;$v52 504 $aBibliografia in nota. 651 4$aIran$xAntichità.$0(OLS)http://pul/subject/26674 700 1 $aGnoli, Gherardo.$0(OLS)http://pul/name/49991 830 0$aSerie orientale Roma ;$v52.$0(OLS)http://pul/title/88503 850 $aPUL 852 $aPUL$W1$xSL Filosofia 1$y2$m132(1) C 1$j98295$nBK-PRI$b $qStampati$B98295$CPULBib$Z2$F98295 $HPUL58945 $81 941 1 $a8 960 $aPersia$926674 960 $aPersia$926674 996 $6245$aOrientalia Romana :$bessays and lectures.$n5,$pIranian studies$9(OLS)http://pul/title/100360 996 $6246$aIranian studies$9(OLS)http://pul/title/100361 996 $6260$aRoma :$bIstituto Italiano per il Medio ed Estremo Oriente$9(OLS)http://pul/publisher/71417